00294 a2200121 4500001000700000020002200007040003500029100001700064240003700081245003200118362000900150440001300159157526 a978-85-60276-18-9 cEscola São Tomás de Aquino aMota, Regina10aGira gira recortando ideiaslpor10aGira gira recortando ideias0 a2012 1aUni Duni